00487nam a2200193 a 4500001001300000003000900013005001700022008004100039020001000080082001300090100002300103245002400126260003700150300000900187500003500196505001500231650002400246700002300270nice12345678IN_TiNIC20260116012038.0050524s1968 lona grp 000 0 eng  ac23000a201bWUR aWurmbrand, Richard aTortured for Christ aLondonbHodder & Stoughtonc1968 a128p aincludes index and biblioraphy2 aIll, Index aChristian-Biography1 aWurmbrand, Richard